[Event "Florianopolis op 6th"]
[Site "Florianopolis"]
[Date "2020.01.22"]
[Round "4"]
[White "Carneiro, Vitor Roberto Castr"]
[Black "Delgado Ramirez, Neuris"]
[Result "1-0"]
[WhiteElo "2432"]
[BlackElo "2636"]
[PlyCount "73"]
[EventDate "2020.01.20"]
[EventType "swiss"]
[EventRounds "10"]
[EventCountry "BRA"]
[SourceTitle "CBM 194 Extra"]
[Source "ChessBase"]
[SourceDate "2020.03.31"]
[SourceVersion "1"]
[SourceVersionDate "2020.03.31"]
[SourceQuality "1"]

1. c4 b6 2. Nc3 Bb7 3. e4 e5 4. Nf3 Nc6 5. Be2 Bc5 6. 0-0 d6 7. d3 Nge7 8. Bd2 0-0 9. a3 Nd4 10. h4 Nxf3+ 11. Bxf3 Bd4 12. Rb1 c5 13. Ne2 Nc6 14. Bg4 Qxh4 15. Bh3 Bc8 16. Bxc8 Raxc8 17. b4 Ne7 18. Nxd4 exd4 19. f4 f5 20. Qf3 Qf6 21. Rbe1 Qf7 22. exf5 d5 23. g4 Rc7 24. Qe2 dxc4 25. dxc4 Nc8 26. Qd3 Re8 27. Re5 Nd6 28. Rfe1 Rce7 29. Qe2 Rxe5 30. fxe5 Qxc4 31. Qf3 Nb5 32. Qc6 Kf8 33. a4 Nc7 34. Bh6 Qf7 35. e6 Qf6 36. Bf4 Qd8 37. e7+ 1-0

[Event "Caioba Telecom op"]
[Site "Caioba"]
[Date "2018.08.05"]
[Round "9"]
[White "Languidey, Simon Alejandro"]
[Black "Carneiro, Vitor Roberto Castr"]
[Result "1-0"]
[WhiteElo "2381"]
[BlackElo "2429"]
[PlyCount "139"]
[EventDate "2018.08.01"]
[EventType "swiss"]
[EventRounds "9"]
[EventCountry "BRA"]
[SourceTitle "CBM 186 Extra"]
[Source "ChessBase"]
[SourceDate "2018.08.24"]
[SourceVersion "1"]
[SourceVersionDate "2018.08.24"]
[SourceQuality "1"]

1. d4 Nf6 2. Nf3 d6 3. Bf4 g6 4. e3 Bg7 5. h3 0-0 6. Nbd2 b6 7. Be2 Bb7 8. 0-0 c5 9. c3 Nc6 10. a4 a6 11. Re1 Nd7 12. Bg3 d5 13. Qb3 Ra7 14. Qa3 cxd4 15. exd4 e6 16. Qd6 Re8 17. Qc7 Qxc7 18. Bxc7 Bf8 19. Nb3 f6 20. Bg3 Raa8 21. Bf1 Kf7 22. Rac1 Rac8 23. Nfd2 Kg7 24. Ra1 Nd8 25. Re3 Kf7 26. Ree1 Kg7 27. Re3 Kg8 28. Re2 g5 29. h4 h6 30. hxg5 hxg5 31. Nf3 Nf7 32. Ree1 Nd6 33. Bd3 Kf7 34. Nbd2 Nb8 35. Nh2 Nf5 36. Bxb8 Rxb8 37. Ng4 Nd6 38. Re3 Bg7 39. Rae1 a5 40. b3 Bc8 41. c4 Bd7 42. Rf3 Nf5 43. cxd5 Kg8 44. dxe6 Nxd4 45. Nxf6+ Bxf6 46. Rxf6 Bxe6 47. Re5 Kg7 48. Ne4 Bf5 49. Rexf5 Nxf5 50. Rxf5 Rbd8 51. Rxg5+ Kf8 52. Rg3 Rd4 53. Re3 Rb4 54. Bc2 Rc8 55. Re2 Rxc2 56. Rxc2 Rxe4 57. Rc3 Re1+ 58. Kh2 Re4 59. Kg3 Rb4 60. f4 Ke7 61. Kf3 Kf6 62. g4 Kg6 63. Kg3 Kf6 64. Rd3 Kg6 65. g5 Kf5 66. Rd5+ Kg6 67. Rb5 Rd4 68. Rxb6+ Kf5 69. Rf6+ Ke4 70. Kg4 1-0

[Event "Caioba Telecom op"]
[Site "Caioba"]
[Date "2018.08.02"]
[Round "3"]
[White "Carneiro, Vitor Roberto Castr"]
[Black "Tsuboi, Edson Kenji"]
[Result "1-0"]
[WhiteElo "2429"]
[BlackElo "2232"]
[PlyCount "73"]
[EventDate "2018.08.01"]
[EventType "swiss"]
[EventRounds "9"]
[EventCountry "BRA"]
[SourceTitle "CBM 186 Extra"]
[Source "ChessBase"]
[SourceDate "2018.08.24"]
[SourceVersion "1"]
[SourceVersionDate "2018.08.24"]
[SourceQuality "1"]

1. d4 Nf6 2. Nf3 e6 3. Bf4 c5 4. e3 d5 5. Nbd2 Nc6 6. c3 Bd6 7. Bg3 Bxg3 8. hxg3 Qd6 9. Bd3 e5 10. dxe5 Nxe5 11. Nxe5 Qxe5 12. Qa4+ Bd7 13. Qf4 Qe7 14. Nf3 h6 15. Ne5 Be6 16. Qa4+ Kf8 17. 0-0-0 g5 18. f4 Kg7 19. Kb1 c4 20. Bc2 b5 21. Qa5 Rhc8 22. Rdf1 g4 23. Rd1 Rc5 24. Rd4 b4 25. Qxb4 Qc7 26. f5 Rb8 27. fxe6 Rxb4 28. cxb4 Qxe5 29. bxc5 fxe6 30. Rf4 h5 31. Rhf1 Ne4 32. Bxe4 dxe4 33. c6 Qd6 34. c7 Qc6 35. Rf7+ Kg6 36. Re7 c3 37. Rc1 1-0

[Event "Sao Paulo Carnaval op"]
[Site "Sao Paulo"]
[Date "2018.02.12"]
[Round "6"]
[White "Desideri, Ricardo Maruchi"]
[Black "Carneiro, Vitor Roberto Castr"]
[Result "1/2-1/2"]
[WhiteElo "1954"]
[BlackElo "2432"]
[PlyCount "113"]
[EventDate "2018.02.10"]
[EventType "swiss"]
[EventRounds "7"]
[EventCountry "BRA"]
[SourceTitle "CBM 183 Extra"]
[Source "ChessBase"]
[SourceDate "2018.04.19"]
[SourceVersion "1"]
[SourceVersionDate "2018.04.19"]
[SourceQuality "1"]

1. e4 c6 2. d4 d5 3. e5 Bf5 4. h4 h5 5. Bd3 Bxd3 6. Qxd3 Qa5+ 7. b4 Qxb4+ 8. Nd2 e6 9. Rb1 Qe7 10. c4 Qd7 11. Ngf3 Nh6 12. 0-0 b6 13. Ba3 Be7 14. Bxe7 Qxe7 15. cxd5 cxd5 16. Nc4 Nf5 17. g3 dxc4 18. Qe4 0-0 19. Qxa8 Rd8 20. Qe4 Rd5 21. Rfc1 Qc7 22. a4 a6 23. Rb4 b5 24. axb5 axb5 25. Qb1 Qa5 26. Rcxc4 bxc4 27. Rxb8+ Rd8 28. Ng5 c3 29. Qb5 Qa8 30. Rxa8 Rxa8 31. Qc6 Rd8 32. Nxe6 Ne7 33. Qxc3 fxe6 34. Qc7 Re8 35. Qd7 Kf7 36. d5 exd5 37. e6+ Kf8 38. Qc7 Kg8 39. f3 g6 40. Kf2 d4 41. Ke2 Kf8 42. Qf4+ Nf5 43. g4 Rxe6+ 44. Kd2 hxg4 45. fxg4 Rf6 46. gxf5 Rxf5 47. Qxd4 Kg8 48. Ke3 Kf7 49. Qd7+ Kg8 50. Ke4 Kh8 51. Qe7 Kg8 52. Qe8+ Kg7 53. Qe6 Kh7 54. h5 Rxh5 55. Qf7+ Kh6 56. Qf8+ Kh7 57. Qf7+ 1/2-1/2

[Event "Florianopolis op 4th"]
[Site "Florianopolis"]
[Date "2018.01.23"]
[Round "7"]
[White "Santiago, Yago de Moura"]
[Black "Carneiro, Vitor Roberto Castr"]
[Result "0-1"]
[WhiteElo "2496"]
[BlackElo "2432"]
[PlyCount "78"]
[EventDate "2018.01.19"]
[EventType "swiss"]
[EventRounds "10"]
[EventCountry "BRA"]
[SourceTitle "CBM 182 Extra"]
[Source "ChessBase"]
[SourceDate "2018.02.23"]
[SourceVersion "1"]
[SourceVersionDate "2018.02.23"]
[SourceQuality "1"]

1. c4 e6 2. e4 d5 3. exd5 exd5 4. d4 Nf6 5. Nc3 Be7 6. Bd3 0-0 7. Nge2 dxc4 8. Bxc4 c6 9. 0-0 Nbd7 10. Bb3 Nb6 11. Nf4 Nfd5 12. Nfxd5 cxd5 13. Qd3 Be6 14. f4 f5 15. Re1 Qd7 16. Qb5 Qd6 17. Bd2 Kh8 18. Qe2 Rf6 19. a4 Bf8 20. a5 Nc4 21. Bxc4 dxc4 22. Qe5 Rd8 23. Nb5 Qd7 24. Bc3 Bg8 25. Nxa7 Bd5 26. Qe2 Ra6 27. b3 Rxa7 28. bxc4 Be4 29. c5 Ra6 30. Qb2 Qd5 31. Re2 Re8 32. Rae1 Ree6 33. Re3 Rg6 34. R1e2 Rg4 35. Rf2 Rag6 36. Ree2 h5 37. Qd2 Bf3 38. Re5 Rxg2+ 39. Rxg2 Rxg2+ 0-1

[Event "Florianopolis op 4th"]
[Site "Florianopolis"]
[Date "2018.01.22"]
[Round "6"]
[White "Carneiro, Vitor Roberto Castr"]
[Black "Cruz, William Ferreira Da"]
[Result "1-0"]
[WhiteElo "2432"]
[BlackElo "2248"]
[PlyCount "93"]
[EventDate "2018.01.19"]
[EventType "swiss"]
[EventRounds "10"]
[EventCountry "BRA"]
[SourceTitle "EXT 2019"]
[Source "ChessBase"]
[SourceDate "2018.10.10"]
[SourceVersion "1"]
[SourceVersionDate "2018.10.10"]
[SourceQuality "1"]

1. c4 Nf6 2. Nc3 g6 3. g3 Bg7 4. Bg2 0-0 5. e4 d6 6. Nge2 c5 7. 0-0 Nc6 8. d3 Rb8 9. Rb1 Ne8 10. Be3 a6 11. a3 b5 12. cxb5 axb5 13. b4 cxb4 14. axb4 Nc7 15. d4 e6 16. Qd2 d5 17. Rfc1 Rb6 18. exd5 Nxd5 19. Nxd5 exd5 20. Rc5 Be6 21. Nc3 Ne7 22. Nxb5 Nc6 23. Nc3 Qf6 24. Nxd5 Bxd5 25. Rxd5 h6 26. b5 Ne7 27. Rc5 Nf5 28. Rc6 Rxc6 29. bxc6 Nxd4 30. c7 Ne6 31. Qd7 Nxc7 32. Qxc7 h5 33. h4 Re8 34. Rb8 Rxb8 35. Qxb8+ Kh7 36. Qe8 Qe6 37. Qxe6 fxe6 38. Kf1 Kg8 39. Ke2 Kf7 40. Kd3 Be5 41. Be4 Bd6 42. Bd4 Be7 43. Be3 Bd6 44. Kc4 Bb8 45. Kb5 Kf6 46. Kc6 e5 47. Bc5 1-0

[Event "BRA-ch 83rd"]
[Site "Rio de Janeiro"]
[Date "2017.02.12"]
[Round "9"]
[White "Quintiliano Pinto, Renato Rodrigues"]
[Black "Carneiro, Vitor Roberto Castr"]
[Result "1/2-1/2"]
[WhiteElo "2491"]
[BlackElo "2426"]
[PlyCount "130"]
[EventDate "2017.02.06"]
[EventType "tourn"]
[EventRounds "11"]
[EventCountry "BRA"]
[EventCategory "6"]
[SourceTitle "CBM 176 Extra"]
[Source "ChessBase"]
[SourceDate "2017.03.02"]
[SourceVersion "1"]
[SourceVersionDate "2017.03.02"]
[SourceQuality "1"]

1. d4 Nf6 2. c4 e6 3. Nf3 d5 4. Nc3 a6 5. cxd5 exd5 6. Bg5 Be6 7. e3 Nbd7 8. Bd3 Bd6 9. 0-0 0-0 10. Qc2 h6 11. Bh4 Re8 12. Rad1 c6 13. Bh7+ Kh8 14. Bf5 Bxf5 15. Qxf5 g6 16. Qc2 Qe7 17. Rfe1 Qe6 18. Bxf6+ Nxf6 19. Nd2 Kg7 20. f3 c5 21. Nb3 cxd4 22. Nxd4 Qe5 23. g3 Qg5 24. Qf2 h5 25. Kh1 Re7 26. Nc2 Bc5 27. Qg2 Qf5 28. Nxd5 Nxd5 29. e4 Qf6 30. Rxd5 Rc8 31. e5 Qf5 32. Re2 h4 33. gxh4 Ba7 34. Ne1 Rc1 35. Qg3 Rd7 36. Rxd7 Qxd7 37. e6 Qb5 38. Qe5+ Qxe5 39. Rxe5 fxe6 40. Kg2 Kf6 41. Re2 Rd1 42. f4 Bb8 43. Kf3 Kf5 44. Ng2 Rf1+ 45. Kg3 Kf6 46. Kg4 e5 47. fxe5+ Bxe5 48. Ne3 Rf4+ 49. Kh3 Kf7 50. Ng4 Bd6 51. b3 a5 52. Ne5+ Kf6 53. Nc4 Bc7 54. Ne3 Rd4 55. Nc2 Rd3+ 56. Kg4 Rd5 57. Rf2+ Ke6 58. Ne3 Re5 59. Nc4 Re4+ 60. Kg5 b5 61. Na3 Bd8+ 62. Kxg6 Rg4+ 63. Kh5 Rxh4+ 64. Kg6 Rg4+ 65. Kh5 Rh4+ 1/2-1/2

[Event "BRA-ch 83rd"]
[Site "Rio de Janeiro"]
[Date "2017.02.11"]
[Round "8"]
[White "Carneiro, Vitor Roberto Castr"]
[Black "Souza Neves, Andrey Marcelo"]
[Result "1-0"]
[WhiteElo "2426"]
[BlackElo "2218"]
[PlyCount "47"]
[EventDate "2017.02.06"]
[EventType "tourn"]
[EventRounds "11"]
[EventCountry "BRA"]
[EventCategory "6"]
[SourceTitle "CBM 176 Extra"]
[Source "ChessBase"]
[SourceDate "2017.03.02"]
[SourceVersion "1"]
[SourceVersionDate "2017.03.02"]
[SourceQuality "1"]

1. Nf3 g6 2. d4 Bg7 3. Bf4 d6 4. e3 Nd7 5. h3 e5 6. Bh2 Nh6 7. c4 0-0 8. Nc3 c6 9. Be2 f5 10. 0-0 g5 11. b4 g4 12. hxg4 fxg4 13. Ne1 exd4 14. exd4 g3 15. Bxg3 Nf5 16. Bh2 Bxd4 17. Rc1 Qf6 18. Ne4 Qh4 19. g4 Be5 20. Bxe5 Nxe5 21. Ng2 Qh3 22. Rc3 Qh6 23. gxf5 Bxf5 24. Qxd6 1-0

[Event "BRA-ch 83rd"]
[Site "Rio de Janeiro"]
[Date "2017.02.07"]
[Round "2"]
[White "Matsuura, Everaldo"]
[Black "Carneiro, Vitor Roberto Castr"]
[Result "1-0"]
[WhiteElo "2480"]
[BlackElo "2426"]
[PlyCount "165"]
[EventDate "2017.02.06"]
[EventType "tourn"]
[EventRounds "11"]
[EventCountry "BRA"]
[EventCategory "6"]
[SourceTitle "CBM 176 Extra"]
[Source "ChessBase"]
[SourceDate "2017.03.02"]
[SourceVersion "1"]
[SourceVersionDate "2017.03.02"]
[SourceQuality "1"]

1. e4 c6 2. d4 d5 3. exd5 cxd5 4. c4 Nc6 5. Nc3 Nf6 6. Bg5 e6 7. Nf3 Be7 8. Rc1 0-0 9. c5 Ne4 10. Bxe7 Qxe7 11. Be2 Bd7 12. 0-0 b6 13. cxb6 axb6 14. a3 Rfc8 15. Bd3 Nd6 16. Re1 Qd8 17. Nb5 Nxb5 18. Bxb5 Na5 19. Bd3 Be8 20. Qe2 h6 21. h4 Rxc1 22. Rxc1 Rc8 23. Re1 Nc4 24. g3 Nd6 25. Ne5 Rc7 26. Qd2 Qa8 27. Qf4 Qd8 28. Ng4 Bb5 29. Bb1 Ba4 30. Qd2 Ne4 31. Qe2 Qc8 32. Bd3 Bb3 33. Ne5 Rc1 34. Kg2 Qc7 35. Nf3 Rxe1 36. Qxe1 Nd6 37. Ne5 Ba4 38. Qb4 Be8 39. Qd2 Bb5 40. Bxb5 Nxb5 41. a4 Nd6 42. b4 f6 43. Nf3 Nc4 44. Qd3 Qd7 45. Qb3 e5 46. dxe5 fxe5 47. a5 bxa5 48. bxa5 e4 49. Ne5 Nxe5 50. Qb8+ Kh7 51. Qxe5 Qb5 52. Qf5+ Kh8 53. Qf8+ Kh7 54. a6 Qb6 55. Qf5+ Kh8 56. Qc8+ Kh7 57. Qf5+ Kh8 58. Qxd5 Qxa6 59. Qxe4 Qf6 60. Qf3 Qd4 61. Qf8+ Kh7 62. Qf5+ Kh8 63. Kh3 Qc4 64. Qf8+ Kh7 65. Qf5+ Kh8 66. Qf4 Qf1+ 67. Kg4 Qd1+ 68. f3 Qd7+ 69. Qf5 Qd4+ 70. Kh5 Qd6 71. f4 Qe7 72. Qg6 Qe2+ 73. g4 Qe7 74. f5 Qe5 75. Qe6 Qf4 76. f6 Kh7 77. Qf5+ Qxf5+ 78. gxf5 gxf6 79. Kg4 h5+ 80. Kf4 Kg7 81. Ke4 Kf7 82. Kd5 Ke7 83. Kc6 1-0

[Event "Florianopolis op 3rd"]
[Site "Florianopolis"]
[Date "2017.01.25"]
[Round "8"]
[White "Bachmann, Axel"]
[Black "Carneiro, Vitor Roberto Castr"]
[Result "1-0"]
[WhiteElo "2628"]
[BlackElo "2426"]
[PlyCount "55"]
[EventDate "2017.01.20"]
[EventType "swiss"]
[EventRounds "10"]
[EventCountry "BRA"]
[SourceTitle "CBM 176 Extra"]
[Source "ChessBase"]
[SourceDate "2017.03.02"]
[SourceVersion "1"]
[SourceVersionDate "2017.03.02"]
[SourceQuality "1"]

1. g3 Nf6 2. Bg2 e6 3. Nf3 b6 4. c4 Bb7 5. d4 Be7 6. 0-0 0-0 7. d5 exd5 8. Nh4 c6 9. cxd5 Nxd5 10. Nf5 Nc7 11. e4 d5 12. Nc3 Bf6 13. exd5 cxd5 14. Bf4 Nba6 15. Rc1 g6 16. Nd6 Bc6 17. Nce4 dxe4 18. Rxc6 Bg5 19. Bxg5 Qxg5 20. Nxe4 Qe5 21. Nf6+ Kg7 22. Nd7 Qxb2 23. Rc2 Qb5 24. Qd4+ Kh6 25. Bxa8 Rxa8 26. Rxc7 Nxc7 27. Qf4+ Kg7 28. Qxc7 1-0

[Event "Florianopolis op 3rd"]
[Site "Florianopolis"]
[Date "2017.01.21"]
[Round "2"]
[White "Campos, Igor Ribeiro"]
[Black "Carneiro, Vitor Roberto Castr"]
[Result "0-1"]
[WhiteElo "2152"]
[BlackElo "2426"]
[PlyCount "90"]
[EventDate "2017.01.20"]
[EventType "swiss"]
[EventRounds "10"]
[EventCountry "BRA"]
[SourceTitle "CBM 176 Extra"]
[Source "ChessBase"]
[SourceDate "2017.03.02"]
[SourceVersion "1"]
[SourceVersionDate "2017.03.02"]
[SourceQuality "1"]

1. e4 c6 2. d4 d5 3. e5 Bf5 4. Nf3 e6 5. Be2 Nd7 6. 0-0 h6 7. Nbd2 Ne7 8. Nb3 Bh7 9. a4 Ng6 10. a5 Be7 11. c4 dxc4 12. Bxc4 b5 13. Bd3 a6 14. Be3 Rc8 15. Qc2 0-0 16. Rfd1 Qc7 17. Rac1 Rfd8 18. d5 Ndxe5 19. Nxe5 Qxe5 20. dxc6 Bg5 21. Bb6 Rd6 22. c7 Bxc1 23. Rxc1 Nf8 24. Bxh7+ Nxh7 25. Qc5 Qxc5 26. Nxc5 Nf6 27. Nxa6 Nd7 28. g3 Kh7 29. Nb4 Nxb6 30. axb6 Rxb6 31. Rc5 Rb7 32. Na6 Rb6 33. Nb4 g6 34. h4 Kg7 35. Kg2 Kf6 36. h5 g5 37. Kf3 Ke7 38. Ke4 Kd6 39. Nd3 f6 40. b4 Rxc7 41. f4 gxf4 42. gxf4 Kd7 43. f5 e5 44. Rd5+ Rd6 45. Nc5+ Ke7 0-1

[Event "Goiania STD-ch sf"]
[Site "Goiania"]
[Date "2016.11.14"]
[Round "6"]
[White "Carneiro, Vitor Roberto Castr"]
[Black "Matsuura, Everaldo"]
[Result "1/2-1/2"]
[WhiteElo "2415"]
[BlackElo "2484"]
[PlyCount "23"]
[EventDate "2016.11.12"]
[EventType "swiss"]
[EventRounds "7"]
[EventCountry "BRA"]
[SourceTitle "CBM 175 Extra"]
[Source "ChessBase"]
[SourceDate "2016.12.12"]
[SourceVersion "1"]
[SourceVersionDate "2016.12.12"]
[SourceQuality "1"]

1. c4 c6 2. d4 d5 3. cxd5 cxd5 4. Nc3 Nf6 5. Bf4 Nc6 6. e3 a6 7. Bd3 Bg4 8. Nge2 Bh5 9. Qb3 Na5 10. Qa4+ Nc6 11. Qb3 Na5 12. Qa4+ 1/2-1/2

[Event "Goiania STD-ch sf"]
[Site "Goiania"]
[Date "2016.11.14"]
[Round "5"]
[White "Quintiliano Pinto, Renato Rodrigues"]
[Black "Carneiro, Vitor Roberto Castr"]
[Result "0-1"]
[WhiteElo "2487"]
[BlackElo "2415"]
[PlyCount "102"]
[EventDate "2016.11.12"]
[EventType "swiss"]
[EventRounds "7"]
[EventCountry "BRA"]
[SourceTitle "CBM 175 Extra"]
[Source "ChessBase"]
[SourceDate "2016.12.12"]
[SourceVersion "1"]
[SourceVersionDate "2016.12.12"]
[SourceQuality "1"]

1. Nf3 Nf6 2. d4 e6 3. Bf4 b6 4. e3 Bb7 5. Bd3 Be7 6. h3 c5 7. c3 0-0 8. 0-0 d6 9. Nbd2 cxd4 10. exd4 a6 11. Re1 Nc6 12. Bh2 b5 13. a4 b4 14. c4 Re8 15. Rc1 Bf8 16. Ne4 Na5 17. b3 Rc8 18. Ned2 g6 19. Bf4 Bg7 20. Bc2 Nc6 21. Nf1 d5 22. c5 Ne4 23. Ng3 f5 24. Ne2 h6 25. Bxe4 dxe4 26. Ne5 g5 27. Nxc6 Bxc6 28. Bd6 f4 29. Rc2 Qf6 30. Rd2 Bd5 31. Nc1 Qg6 32. Qg4 h5 33. Qd1 Red8 34. Ne2 Rd7 35. Bxf4 gxf4 36. Nxf4 Qg5 37. Nxh5 Bh6 38. Re3 Kh8 39. Rc2 Qf5 40. Rg3 e5 41. Qe2 Rc6 42. dxe5 Qxe5 43. Qg4 Rh7 44. Qh4 Qe7 45. Qg4 Qe5 46. Qh4 Bf7 47. Qd8+ Be8 48. Re2 Re6 49. Qc8 Ree7 50. Qxa6 Bxh5 51. Rc2 Bf8 0-1

[Event "Goiania STD-ch sf"]
[Site "Goiania"]
[Date "2016.11.12"]
[Round "2"]
[White "Campos, Otavio Moraes"]
[Black "Carneiro, Vitor Roberto Castr"]
[Result "0-1"]
[WhiteElo "1713"]
[BlackElo "2415"]
[PlyCount "70"]
[EventDate "2016.11.12"]
[EventType "swiss"]
[EventRounds "7"]
[EventCountry "BRA"]
[SourceTitle "CBM 175 Extra"]
[Source "ChessBase"]
[SourceDate "2016.12.12"]
[SourceVersion "1"]
[SourceVersionDate "2016.12.12"]
[SourceQuality "1"]

1. d4 Nf6 2. Nf3 g6 3. c4 Bg7 4. Nc3 0-0 5. g3 d6 6. Bg2 Nbd7 7. 0-0 e5 8. dxe5 dxe5 9. Qc2 c6 10. Rd1 Qe7 11. Bg5 h6 12. Bc1 Nc5 13. e4 Nh5 14. b4 Ne6 15. c5 Nd4 16. Qb2 Bg4 17. Rd3 Rfd8 18. Nxd4 Rxd4 19. Bf1 Rad8 20. Qb1 f5 21. Be3 Rxd3 22. Bxd3 f4 23. Bc1 Qd7 24. Bc4+ Kh7 25. Qb3 fxg3 26. hxg3 Nxg3 27. Be3 Nh5 28. Bf1 Bf3 29. Ne2 Qg4+ 30. Kh2 Bxe2 31. Bxe2 Qxe2 32. Rg1 Nf4 33. Bxf4 Qxf2+ 34. Kh1 Qxf4 35. Qe6 Qh4+ 0-1

[Event "Natal Potiguar op"]
[Site "Natal"]
[Date "2016.07.02"]
[Round "3"]
[White "Jordao Barbosa, Marcio Ferre"]
[Black "Carneiro, Vitor Roberto Castr"]
[Result "0-1"]
[WhiteElo "2039"]
[BlackElo "2408"]
[PlyCount "114"]
[EventDate "2016.07.01"]
[EventType "swiss"]
[EventRounds "6"]
[EventCountry "BRA"]
[SourceTitle "EXT 2017"]
[Source "ChessBase"]
[SourceDate "2016.10.25"]
[SourceVersion "1"]
[SourceVersionDate "2016.10.25"]
[SourceQuality "1"]

1. e4 c6 2. Nf3 d5 3. Nc3 Bg4 4. h3 Bxf3 5. Qxf3 e6 6. d3 g6 7. Bd2 Bg7 8. 0-0-0 Ne7 9. h4 h5 10. g4 hxg4 11. Qxg4 Nd7 12. Be2 Nf6 13. Qg2 Nh5 14. Bg4 Qd6 15. Ne2 0-0-0 16. f4 Bh6 17. Qf3 Ng7 18. Bc3 f5 19. Bh3 Rdf8 20. Kb1 Rhg8 21. e5 Qc7 22. d4 Nh5 23. Bb4 Rf7 24. Rd3 Kd7 25. Bd6 Qd8 26. Rb3 Qa8 27. Bg2 Nc8 28. Bc5 Bf8 29. Qc3 b6 30. Bxf8 Rgxf8 31. a4 a5 32. Bf3 Rh8 33. Bxh5 Rxh5 34. Ng3 Rh6 35. h5 Rg7 36. hxg6 Rxh1+ 37. Nxh1 Rxg6 38. Ng3 Qa6 39. Ka2 Qc4 40. Qxc4 dxc4 41. Rc3 b5 42. Nh5 Nb6 43. Nf6+ Kc7 44. axb5 cxb5 45. Rh3 b4 46. Rh7+ Kc6 47. Re7 Rg2 48. Rxe6+ Kb5 49. Kb1 b3 50. cxb3 cxb3 51. Rxb6+ Kxb6 52. Kc1 a4 53. d5 Rg1+ 54. Kd2 a3 55. d6 axb2 56. d7 Kc7 57. e6 b1Q 0-1

[Event "Sao Paulo Freitas op 2nd"]
[Site "Sao Paulo"]
[Date "2016.04.16"]
[Round "3"]
[White "Carneiro, Vitor Roberto Castr"]
[Black "Sztokbant, Bernardo Vainzoff"]
[Result "1-0"]
[WhiteElo "2401"]
[BlackElo "2200"]
[PlyCount "41"]
[EventDate "2016.04.15"]
[EventType "swiss"]
[EventRounds "6"]
[EventCountry "BRA"]
[SourceTitle "CBM 171 Extra"]
[Source "ChessBase"]
[SourceDate "2016.04.26"]
[SourceVersion "1"]
[SourceVersionDate "2016.04.26"]
[SourceQuality "1"]

1. c4 c6 2. d4 d5 3. cxd5 cxd5 4. Nc3 Nc6 5. e4 dxe4 6. d5 Ne5 7. Qa4+ Bd7 8. Qxe4 Ng6 9. Bc4 Nf6 10. Qe2 Rc8 11. Nf3 a6 12. Bb3 Qc7 13. 0-0 Bg4 14. h3 Bxf3 15. Qxf3 Ne5 16. Qe2 Nfd7 17. Be3 g6 18. Rac1 b5 19. Nxb5 axb5 20. Rxc7 Rxc7 21. Qxb5 1-0

[Event "Sao Paulo Freitas op 2nd"]
[Site "Sao Paulo"]
[Date "2016.04.16"]
[Round "4"]
[White "Mekhitarian, Krikor Sevag"]
[Black "Carneiro, Vitor Roberto Castr"]
[Result "1-0"]
[WhiteElo "2570"]
[BlackElo "2401"]
[PlyCount "87"]
[EventDate "2016.04.15"]
[EventType "swiss"]
[EventRounds "6"]
[EventCountry "BRA"]
[SourceTitle "CBM 172"]
[Source "ChessBase"]
[SourceDate "2016.05.12"]
[SourceVersion "1"]
[SourceVersionDate "2016.05.12"]
[SourceQuality "1"]

1. e4 c6 2. d4 d5 3. e5 Bf5 4. h4 h5 5. Bd3 Bxd3 6. Qxd3 e6 7. Bg5 Qa5+ 8. Nd2 Qa6 9. c4 Bb4 10. b3 c5 11. Ngf3 Nc6 12. 0-0 Nge7 13. dxc5 Bxc5 14. a3 dxc4 15. Nxc4 Rd8 16. Qe2 Na5 17. Nfd2 Rd5 18. Rac1 Nf5 19. Rfd1 Nd4 20. Qe4 Nac6 21. b4 Be7 22. Nf3 Nxf3+ 23. Qxf3 Bxg5 24. Rxd5 0-0 25. b5 Qa4 26. hxg5 exd5 27. Qxd5 Rd8 28. Nd6 Qf4 29. Qxf7+ Qxf7 30. Nxf7 Kxf7 31. bxc6 Rc8 32. c7 b5 33. Rc6 a5 34. Kf1 Ke7 35. f4 Kd7 36. Rc5 Rxc7 37. Rxc7+ Kxc7 38. Ke2 Kc6 39. f5 Kd5 40. f6 Ke6 41. g6 gxf6 42. g7 Kf7 43. exf6 h4 44. Kd3 1-0